| 000 | 00429nam a22001457a 4500 | ||
|---|---|---|---|
| 008 | 250519b |||||||| |||| 00| 0 eng d | ||
| 020 | _a9781529373806 | ||
| 050 |
_aCB161 _b.R67 |
||
| 100 | _aRoubini Nouriel | ||
| 245 |
_aMegathreats _bOur ten biggest threat and how to survive them |
||
| 260 |
_alondon _bJohn murray publishers _c2022 |
||
| 300 | _avii 326 | ||
| 650 |
_aForecast _vForecast- History 21st century |
||
| 942 | _cBK | ||
| 999 |
_c3538 _d3538 |
||